| 000 | 00999cam a2200241 i 4500 | ||
|---|---|---|---|
| 005 | 20251211093535.0 | ||
| 008 | 250721s2004 ua gr 000 0 ara d | ||
| 020 | _a977382165 | ||
| 082 | 1 | 4 |
_a216.5 _bم ط ل |
| 100 | 1 |
_aمطلوب، عبد المجيد محمود _eمؤلف. |
|
| 245 | 1 | 2 |
_aالوجيز في أحكام الأسرة الإسلامية : _b( الزواج - فرق الزواج - حقوق الزوجة - حقوق الاولاد و الاقارب ) / _cالدكتور عبد المجيد محمد مطلوب. |
| 250 | _aالطبة الاولى ، مزيدة و منقحة. | ||
| 264 | 3 | 1 |
_aالقاهره : _bمؤسسة المختار للنشر و التوزيع، _c2004. |
| 300 | _a452 صفحة. | ||
| 650 | 1 | 7 | _aالإسلام. |
| 650 | 1 | 7 | _aالأسرة. |
| 650 | 1 | 7 | _aالزواج. |
| 650 | 1 | 7 | _aالحقوق الأسرية. |
| 650 | 1 | 7 | _aالطلاق. |
| 650 | 1 | 7 | _aالتفكك الأسري. |
| 942 |
_2ddc _cBK |
||
| 999 |
_c102442 _d102442 |
||